000 00585nam a2200193 a 4500
001 000016690
005 20240412074245.0
008 100309s1975 dr 000 p spa d
040 _aDO-SdBNP
_bspa
_cBNPHU
082 _aRD861.44
_bO12n
100 1 _aObjio, Nelson Eddy
_912421
245 1 3 _aLa negra virtud /
_cNelson Eddy Objio ; prólogo José Enrique Báez.
260 _a[Baní] :
_b[s.n.],
_c1975.
300 _a104 p. ;
_c21 cm.
650 0 _aPoesía dominicana
_966
650 0 _aLiteratura dominicana.
_967
700 1 _aBáez, José Enrique,
_epról.
_925849
049 _aBNPD
999 _c16223
_d16223